000 00309nam a22001337a 4500
008 170814b xxu||||| |||| 00| 0 eng d
020 _a0132575027
041 _aeng
080 _23RD
_a51
100 _a36
101 _aMAT
245 _aELEMENTARY INTRODUCTION TO NUMBER THEORY
_cLONG,C.T
942 _2udc
_cBK
999 _c23309
_d23309